Lý thuyết và thực tiễn các tam giác phát triển ở Đông Nam Á : Một vài gợi ý đối với sáng kiến "một trục hai cánh" /

Kaydedildi:
Detaylı Bibliyografya
Yazar: Đặng Đình Quý.
Materyal Türü: Makale
Dil:Vietnamese
Konular:
Etiketler: Etiketle
Etiket eklenmemiş, İlk siz ekleyin!
Thư viện lưu trữ: Thư viện Trường Đại học Đà Lạt
LEADER 00870nam a2200265 4500
001 DLU120131205
005 ##20120214
040 # # |a DLU  |b vie 
041 # # |a vie 
044 # # |a vn 
100 # # |a Đặng Đình Quý. 
245 # # |a Lý thuyết và thực tiễn các tam giác phát triển ở Đông Nam Á :  |b Một vài gợi ý đối với sáng kiến "một trục hai cánh" /  |c Đặng Đình Quý. 
653 # # |a Hợp tác kinh tế 
653 # # |a Khu vực kinh tế 
653 # # |a Mậu dịch tự do 
773 # # |t Nghiên cứu Quốc tế  |g Số 1(76), 2009, tr. 149-161 
920 # # |a Phòng Tạp chí -- Trung tâm Thông tin - Thư viện Trường Đại học Đà Lạt 
994 # # |a DLU 
900 # # |a True 
911 # # |a Nguyễn Thị Linh Chi 
925 # # |a G 
926 # # |a A 
927 # # |a BB 
980 # # |a Thư viện Trường Đại học Đà Lạt